[Event "Orleans op"]
[Site "Orleans"]
[Date "2004.??.??"]
[Round "7"]
[White "Robert, Franck"]
[Black "Darmon, Marc"]
[Result "1-0"]
[WhiteElo "1870"]
[BlackElo "1630"]
[PlyCount "59"]
[EventDate "2004.12.??"]
[EventType "swiss"]
[EventRounds "9"]
[EventCountry "FRA"]
[SourceTitle "EXT 2007"]
[Source "ChessBase"]
[SourceDate "2006.11.23"]
[SourceVersion "1"]
[SourceVersionDate "2006.11.23"]
[SourceQuality "1"]

1. e4 c6 2. d4 d5 3. Nc3 dxe4 4. Nxe4 Nd7 5. Nf3 Ngf6 6. Nxf6+ Nxf6 7. Bc4 e6 8. 0-0 Qc7 9. Qe2 Be7 10. Bg5 0-0 11. Rfe1 Nd5 12. Bd2 Re8 13. Bd3 Nf6 14. Ng5 h6 15. Ne4 Nxe4 16. Qxe4 f5 17. Qf3 Bf8 18. Bxf5 Kh8 19. Bg6 Qe7 20. Bxe8 Qxe8 21. Qg3 Bd7 22. Bf4 Qf7 23. Be5 c5 24. c3 Rc8 25. Re4 cxd4 26. Bxd4 Be7 27. Rf4 Bf6 28. Qh4 Bxh4 29. Rxf7 Bc6 30. Rxg7 1-0